Costos de formación de jugadores en los clubes profesionales: (Registro nro. 10510)

Detalles MARC
000 -LEADER
fixed length control field 00426 a2200133 4500
001 - CONTROL NUMBER
control field ART_56676
005 - DATE AND TIME OF LATEST TRANSACTION
control field 20260410161610.0
008 - FIXED-LENGTH DATA ELEMENTS--GENERAL INFORMATION
fixed length control field 260409a
100 1# - MAIN ENTRY--PERSONAL NAME
Personal name Mastropierro, Mariano
245 10 - TITLE STATEMENT
Title Costos de formación de jugadores en los clubes profesionales:
700 1# - ADDED ENTRY--PERSONAL NAME
Personal name Simaro, Gustavo
700 1# - ADDED ENTRY--PERSONAL NAME
Personal name Torchelli, Valeria
773 0# - HOST ITEM ENTRY
Title Profesional & Empresaria
Related parts - Año XXIII, Nº 275 (ago. 2022)
Record control number REV70

No hay ítems disponibles.